|
|
|
|
| LEADER |
02570nam a22004695i 4500 |
| 001 |
978-3-319-20442-0 |
| 003 |
DE-He213 |
| 005 |
20151204173011.0 |
| 007 |
cr nn 008mamaa |
| 008 |
150813s2015 gw | s |||| 0|eng d |
| 020 |
|
|
|a 9783319204420
|9 978-3-319-20442-0
|
| 024 |
7 |
|
|a 10.1007/978-3-319-20442-0
|2 doi
|
| 040 |
|
|
|d GrThAP
|
| 050 |
|
4 |
|a QA76.7-76.73
|
| 050 |
|
4 |
|a QA76.76.C65
|
| 072 |
|
7 |
|a UMX
|2 bicssc
|
| 072 |
|
7 |
|a UMC
|2 bicssc
|
| 072 |
|
7 |
|a COM051010
|2 bisacsh
|
| 072 |
|
7 |
|a COM010000
|2 bisacsh
|
| 082 |
0 |
4 |
|a 005.13
|2 23
|
| 100 |
1 |
|
|a Alagić, Suad.
|e author.
|
| 245 |
1 |
0 |
|a Object-Oriented Technology
|h [electronic resource] /
|c by Suad Alagić.
|
| 264 |
|
1 |
|a Cham :
|b Springer International Publishing :
|b Imprint: Springer,
|c 2015.
|
| 300 |
|
|
|a XIV, 209 p. 40 illus.
|b online resource.
|
| 336 |
|
|
|a text
|b txt
|2 rdacontent
|
| 337 |
|
|
|a computer
|b c
|2 rdamedia
|
| 338 |
|
|
|a online resource
|b cr
|2 rdacarrier
|
| 347 |
|
|
|a text file
|b PDF
|2 rda
|
| 505 |
0 |
|
|a Typed Objects -- Assertions -- Virtual Platform -- Type Systems -- Concurrent Models -- Object Databases -- Types and Constraints.
|
| 520 |
|
|
|a The core idea of this book is that object– oriented technology is a generic technology whose various technical aspects can be presented in a unified and consistent framework. This applies to both practical and formal aspects of object-oriented technology. Course tested in a variety of object-oriented courses, numerous examples, figures and exercises are presented in each chapter. The approach in this book is based on typed technologies, and the core notions fit mainstream object-oriented languages such as Java and C#. The book promotes object-oriented constraints (assertions), their specification and verification. Object-oriented constraints apply to specification and verification of object-oriented programs, specification of the object-oriented platform, more advanced concurrent models, database integrity constraints and object-oriented transactions, their specification and verification.
|
| 650 |
|
0 |
|a Computer science.
|
| 650 |
|
0 |
|a Computer programming.
|
| 650 |
|
0 |
|a Programming languages (Electronic computers).
|
| 650 |
1 |
4 |
|a Computer Science.
|
| 650 |
2 |
4 |
|a Programming Languages, Compilers, Interpreters.
|
| 650 |
2 |
4 |
|a Programming Techniques.
|
| 710 |
2 |
|
|a SpringerLink (Online service)
|
| 773 |
0 |
|
|t Springer eBooks
|
| 776 |
0 |
8 |
|i Printed edition:
|z 9783319204413
|
| 856 |
4 |
0 |
|u http://dx.doi.org/10.1007/978-3-319-20442-0
|z Full Text via HEAL-Link
|
| 912 |
|
|
|a ZDB-2-SCS
|
| 950 |
|
|
|a Computer Science (Springer-11645)
|